Quiz about Occitanie (French region) - Statistics

General Stats
  • This quiz has been taken 33 times
  • The average score is 10 of 15
Answer Stats
Questions Answers % Correct
What is the 2nd most populated city ? Montpellier
96%
What is the capital of Occitanie ? Toulouse
96%
Names a French region bordering the region Nouvelle-Aquitaine | Auvergne-Rhône-Alpes | Provence-Alpes-Côte-d'Azure
85%
What is the population (to the nearest million) ? 6.1 million
81%
Name a border country in the region Andorra | Spain
81%
How many departments are there ? 13
77%
What is the name of the fortified city located in Aude ? Carcassonne
77%
Which mountain range runs from the Atlantic to the Mediterranean via the south of the region ? the Pyrenees
73%
Names a historic region of Occitanie Foix | Gascogne | Guyenne | Languedoc | Roussillon
69%
Which European airline flagship has its head office in the region ? Airbus
65%
What dish based on dried beans and meat is a specialty of Languedoc ? the cassoulet
65%
What is the least populated department in France (which is located in the region) ? la Lozère (76.5 thousand inhabitants)
50%
What is the name of the three-level Roman bridge intended for the passage of an aqueduct located near Nîmes ? the Pont du Gard
50%
Which department corresponds to Northern Catalonia ? the Pyrénées-Orientales (66)
50%
Which natural region apartment in the Massif Centrale is located in the northeast of the region ? the Cévennes
19%
No matching quizzes found
Score Distribution
Percent of People with Each Score
Percentile by Number Answered
Your Score History
You have not taken this quiz